| 000 | 00803nam a22002897a 4500 | ||
|---|---|---|---|
| 003 | CHAP | ||
| 005 | 20220817042206.0 | ||
| 008 | 971013s1965 r 00010 d | ||
| 010 | _a37238 | ||
| 011 | _a38210 | ||
| 035 | _a42330 | ||
| 040 | _cCHAP | ||
| 082 |
_a634 _bF35 |
||
| 110 | _aFAO | ||
| 245 | _aFruits and vegetables in West Africa | ||
| 260 |
_aRome : _bFAO, _c1965 |
||
| 300 |
_a259 p. _b: ilus. |
||
| 590 |
_aBATCH-UPD _b10 _c20130109 _lUCH01 _h2347 |
||
| 590 |
_aBATCH-UPD _b10 _c20130110 _lUCH01 _h2129 |
||
| 590 |
_aCONVERSION _b10 _c20130109 _lUCH01 _h1321 |
||
| 650 | 1 | 4 |
_aFruticultura _xAfrica. _943685 |
| 650 | 1 | 4 |
_aHorticultura _xAfrica. _956292 |
| 700 | 0 |
_aTindall, H. D. _9113357 |
|
| 901 | _aBK | ||
| 942 | _cLIBRO | ||
| 949 |
_a634 F35 _bBC _cFAO _d-97483 _eFAO1 _h66013 _i42330 _mD _si |
||
| 999 |
_c37238 _d37238 |
||